<?xml version="1.0" encoding="UTF-8"?>
<collection xmlns="http://www.loc.gov/MARC21/slim">
 <record>
  <leader>01126nam a22002535a 4500</leader>
  <controlfield tag="001">EUN.eunm000083</controlfield>
  <controlfield tag="005">20130506104338.0</controlfield>
  <controlfield tag="008">040315s2001####ag#a##########100#0#spa#d</controlfield>
  <datafield tag="020" ind1=" " ind2=" ">
   <subfield code="a">9502312201</subfield>
  </datafield>
  <datafield tag="082" ind1="0" ind2="4">
   <subfield code="a">333.91</subfield>
   <subfield code="2">15</subfield>
  </datafield>
  <datafield tag="111" ind1="2" ind2=" ">
   <subfield code="a">Jornada Regional UBA-AUGM</subfield>
   <subfield code="d">(11 de octubre de 2001 :</subfield>
   <subfield code="c">Buenos Aires).</subfield>
  </datafield>
  <datafield tag="245" ind1="1" ind2="0">
   <subfield code="a">Agua segura para el siglo XXI :</subfield>
   <subfield code="b">jornada regional UBA-AUGM, Buenos Aires-11 de octubre de 2001 /</subfield>
   <subfield code="c">compiladora Alicia C. Bagnoli.</subfield>
  </datafield>
  <datafield tag="260" ind1=" " ind2=" ">
   <subfield code="a">Eudeba :</subfield>
   <subfield code="b">Buenos Aires,</subfield>
   <subfield code="c">2001.</subfield>
  </datafield>
  <datafield tag="300" ind1=" " ind2=" ">
   <subfield code="a">113 p. :</subfield>
   <subfield code="b">il. ;</subfield>
   <subfield code="c">24 cm.</subfield>
  </datafield>
  <datafield tag="440" ind1=" " ind2="0">
   <subfield code="a">Serie Ciencia y técnica en la UBA</subfield>
  </datafield>
  <datafield tag="500" ind1=" " ind2=" ">
   <subfield code="a">Jornada organizada en el marco de los festejos del 180° aniversario de la creación de la Universidad de Buenos Aires, y con motivo del décimo aniversario de la Asociación de Universidades Grupo Montevideo.</subfield>
  </datafield>
  <datafield tag="650" ind1=" " ind2="7">
   <subfield code="a">Agua</subfield>
   <subfield code="2">Unbis</subfield>
  </datafield>
  <datafield tag="650" ind1=" " ind2="7">
   <subfield code="a">Recursos hídricos.</subfield>
   <subfield code="2">Unbis</subfield>
  </datafield>
  <datafield tag="650" ind1=" " ind2="7">
   <subfield code="a">Investigación científica.</subfield>
   <subfield code="2">Unbis</subfield>
  </datafield>
  <datafield tag="650" ind1=" " ind2="7">
   <subfield code="a">Universidades.</subfield>
   <subfield code="2">Unbis</subfield>
  </datafield>
  <datafield tag="650" ind1=" " ind2="7">
   <subfield code="a">América del Sur.</subfield>
   <subfield code="2">Unbis</subfield>
  </datafield>
  <datafield tag="653" ind1=" " ind2=" ">
   <subfield code="a">Mercosur</subfield>
  </datafield>
  <datafield tag="700" ind1="1" ind2=" ">
   <subfield code="a">Bagnoli, Alicia C.</subfield>
   <subfield code="e">comp.</subfield>
  </datafield>
  <datafield tag="859" ind1=" " ind2=" ">
   <subfield code="a">AR-BaUNS</subfield>
   <subfield code="b">BIB. CENTRAL - Sector A</subfield>
   <subfield code="h">333.91</subfield>
   <subfield code="i">J769</subfield>
   <subfield code="p">114232/004</subfield>
  </datafield>
 </record>
</collection>
